000
00320nam a2200145Ia 4500
008
200615s9999||||xx |||||||||||||| ||und||
020
_a
9788122434101
082
_a
530
_b
NUC-R
100
_a
ROY,RR
245
0
_a
NUCLEAR PHYSICS
250
_a
1ST
260
_a
NEW DELHI
_b
NEW AGE
_c
2017
300
_a
587
942
_c
BK
999
_c
30602
_d
30602